Normal view
MARC view
- Hamza Khalid Ghumman
Entry Personal Name
001 - CONTROL NUMBER
- control field: 50800
003 - CONTROL NUMBER IDENTIFIER
- control field: NUST
005 - DATE AND TIME OF LATEST TRANSACTION
- control field: 20210314134804.0
008 - FIXED-LENGTH DATA ELEMENTS
- fixed length control field: 210314|| aca||aabn | a|a d
040 ## - CATALOGING SOURCE
- Original cataloging agency: NUST
- Transcribing agency: NUST
100 ## - HEADING--PERSONAL NAME
- Personal name: Hamza Khalid Ghumman
670 ## - SOURCE DATA FOUND
- Source citation: Work cat.: (NUST): Hamza Khalid Ghumman, Damage based toll tax and automated tolling systems for motorways in pakistan, 2015.
